000 00841cam a22002651 4500
001 980458
003 ARRUPE
005 20150904143311.0
008 740213s1966 ilua b 000 0 eng
010 _a 62013213 //r83
035 _a(OCoLC)ocm00382859
040 _aDLC
_cDLC
_dm.c.
_dZCU
041 1 _aengfre
050 0 _aBH221.F84
_bM63
082 _a001.53
100 1 _aMoles, Abraham A.
_919330
240 1 0 _aThéorie de l'information et perception esthètique.
_lEnglish
245 1 0 _aInformation theory and esthetic perception
_c[by] Abraham Moles. Translated by Joel F. Cohen.
260 _aUrbana,
_bUniversity of Illinois Press,
_c1966.
300 _a217 p.
_billus.
_c24 cm.
504 _aBibliography: p. [210]-214.
650 0 _aInformation theory in aesthetics.
_919331
942 _2lcc
_cMONOGRAPH
999 _c123240
_d123240